书目信息 |
| 题名: |
山东高速公路建设实录
|
|
| 作者: | ;山东省交通运输厅 著 | |
| 分册: | ||
| 出版信息: | 北京 人民交通出版社股份有限公司 2018.09 |
|
| 页数: | 806页, 10页图版 | |
| 开本: | 27cm | |
| 丛书名: | 中国高速公路建设实录 | |
| 单 册: | ||
| 中图分类: | U412.36 | |
| 科图分类: | ||
| 主题词: | 高速公路--gao su gong lu--道路建设--山东 | |
| 电子资源: | ||
| ISBN: | 978-7-114-14838-5 | |
| 000 | 01214nam 2200277 450 | |
| 001 | 202019133186 | |
| 005 | 20190921113344.0 | |
| 010 | @a978-7-114-14838-5@b精装@dCNY380.00 | |
| 100 | @a20190916d2018 em y0chiy50 ea | |
| 101 | 0 | @achi |
| 102 | @aCN@b110000 | |
| 105 | @aabfkz 000yy | |
| 106 | @ar | |
| 200 | 1 | @a山东高速公路建设实录@Ashan dong gao su gong lu jian she shi lu@d= Record of expressway construction in Shandong@f山东省交通运输厅@zeng |
| 210 | @a北京@c人民交通出版社股份有限公司@d2018.09 | |
| 215 | @a806页, 10页图版@c彩图, 地图@d27cm | |
| 225 | 2 | @a中国高速公路建设实录@Azhong guo gao su gong lu jian she shi lu |
| 300 | @a“十三五”国家重点图书出版规划项目 | |
| 330 | @a本书是《中国高速公路建设实录》系列丛书之一, 全面系统总结了山东省高速公路发展成就, 详细记述了高速公路建设过程中的管理经验、科技创新、文化传承以及项目建设实情, 具有较强的史料价值。 | |
| 410 | 0 | @12001 @a中国高速公路建设实录 |
| 510 | 1 | @aRecord of expressway construction in Shandong@zeng |
| 606 | 0 | @a高速公路@Agao su gong lu@x道路建设@y山东 |
| 690 | @aU412.36@v5 | |
| 711 | 02 | @a山东省交通运输厅@Ashan dong sheng jiao tong yun shu ting@4著 |
| 801 | 0 | @aCN@c20190905 |
| 905 | @a河南城建学院图书馆@dU412.36@eS098 | |
| 山东高速公路建设实录= Record of expressway construction in Shandong/山东省交通运输厅.-北京:人民交通出版社股份有限公司,2018.09 |
| 806页, 10页图版:彩图, 地图;27cm.-(中国高速公路建设实录) |
| “十三五”国家重点图书出版规划项目 |
| ISBN 978-7-114-14838-5(精装):CNY380.00 |
| 本书是《中国高速公路建设实录》系列丛书之一, 全面系统总结了山东省高速公路发展成就, 详细记述了高速公路建设过程中的管理经验、科技创新、文化传承以及项目建设实情, 具有较强的史料价值。 |
| ● |
| 相关链接 |
|
|
|
正题名:山东高速公路建设实录
索取号:U412.36/S098
 
预约/预借
| 序号 | 登录号 | 条形码 | 馆藏地/架位号 | 状态 | 备注 |
| 1 | 1440157 | 214401574 | 自科库501/501自科库 51排5列1层/ [索取号:U412.36/S098] | 在馆 |